Guess the North American City skyline - Statistics

General Stats
  • This quiz has been taken 33 times
  • The average score is 6 of 16
Answer Stats
Picture Answer % Correct
Seattle
79%
New York
67%
St Louis
67%
Toronto
63%
Chicago
50%
Boston
42%
Minneapolis
38%
Philadelphia
29%
San Francisco
29%
LA
25%
Quebec City
25%
Calgary
13%
Montreal
13%
Denver
8%
Mexico City
8%
Edmonton
4%
No matching quizzes found
Score Distribution
Percent of People with Each Score
Percentile by Number Answered
Your Score History
You have not taken this quiz